Sports Quiz

Random Sports or Soccer Quiz

Every Chelsea League Goalscorer in the 21st Century Quiz Stats

 Plays Quiz not verified by Sporcle

Support Sporcle.
Go Orange.
Score 0/110 Timer 12:00
0 Plays Today
Month/Year Player Name % Correct
January 2001John Terry
96.2%
August 2004Didier Drogba
93.5%
December 2001Frank Lampard
93%
March 2008Ashley Cole
91.9%
April 2004Joe Cole
91.4%
August 2019Tammy Abraham
90.9%
January 2013Demba Ba
90.3%
October 2020Timo Werner
90.2%
August 2012Eden Hazard
89.2%
January 2014Willian
89.2%
August 2019Mason Mount
87.6%
March 2011David Luiz
86.6%
August 2015Cesar Azpilicueta
86.6%
April 2002Carlton Cole
86%
August 2014Diego Costa
84.9%
March 2005Ricardo Carvalho
84.4%
December 2012Oscar
84.4%
October 2016N'Golo Kante
84.4%
April 2011Fernando Torres
83.9%
November 2016Marcos Alonso
83.9%
April 2000Gianfranco Zola
83.3%
March 2012 Gary Cahill
83.3%
August 2018 Jorginho
83.3%
February 2008Nicolas Anelka
82.3%
August 2015Pedro
82.3%
October 2006Michael Ballack
81.7%
April 2018Olivier Giroud
81.7%
October 2019Christian Pulisic
80.6%
December 2019Mateo Kovacic
80.1%
October 2020Hakim Ziyech
80%
September 2013John Obi Mikel
78.5%
October 2020Kai Havertz
78%
May 2005Claude Makelele
78%
August 2007Florent Malouda
78%
March 2006Michael Essien
77.4%
August 2011Juan Mata
77.4%
October 2009Branislav Ivanovic
76.9%
Month/Year Player Name % Correct
January 2011Ramires
75.8%
October 2014Cesc Fabregas
75.3%
November 2020Thiago Silva
74.4%
August 2000Jimmy Floyd Hasselbaink
73.7%
December 2006Salomon Kalou
73.7%
August 2006Andriy Shevchenko
73.1%
September 2015Kurt Zouma
73.1%
November 2017Antonio Rudiger
73.1%
October 2018Ross Barkley
73.1%
September 2020Reece James
72.7%
November 2004Arjen Robben
72.6%
August 2017Alvaro Morata
72.6%
October 2020Ben Chilwell
72.1%
August 2014Nemanja Matic
72%
March 2014Mohamed Salah
71%
October 2000Eidur Gudjohnsen
70.4%
January 2020Callum Hudson-Odoi
69.4%
September 2003Hernan Crespo
68.8%
November 2012Victor Moses
68.8%
September 2003 Damien Duff
68.3%
September 2008Jose Bosingwa
67.7%
February 2000Marcel Desailly
65.6%
August 2008Deco
65.1%
August 2016Michy Batshuayi
65.1%
October 2007Alex
62.9%
March 2002William Gallas
62.4%
September 2019Fiyako Tomori
62.4%
April 2016Ruben Loftus-Cheek
60.2%
October 2013Andre Schurrle
59.7%
January 2000Tore Andre Flo
58.1%
April 2010Daniel Sturridge
58.1%
January 2000Dennis Wise
57%
December 2003Wayne Bridge
54.8%
October 2013Samuel Eto'o
54.8%
November 2003Glen Johnson
53.8%
December 2011Raul Meireles
53.8%
December 2017Danny Drinkwater
52.2%
Month/Year Player Name % Correct
April 2007Shaun Wright-Phillips
51.6%
December 2017Davide Zappacosta
50.5%
December 2004Mateja Kezman
50%
August 2015Radamel Falcao
50%
September 2014Loic Remy
49.5%
August 2003Adrian Mutu
48.4%
February 2019Gonzalo Higuain
47.8%
April 2000Roberto Di Matteo
46.8%
August 2005Asier del Horno
46.8%
February 2000Gus Poyet
44.1%
August 2004Tiago
43.5%
August 2003Juan Sebastian Veron
42.5%
August 2010Yossi Benayoun
41.4%
January 2001Jesper Gronkjaer
39.8%
October 2017 Tiemoue Bakayoko
39.8%
March 2002Emmanuel Petit
39.2%
November 2007Juliano Belletti
38.7%
November 2002Celestine Babayaro
37.6%
December 2003Geremi
36.6%
December 2001Mario Melchiot
36%
April 2016Alexandre Pato
34.9%
January 2000Dan Petrescu
33.3%
February 2013Marko Marin
32.8%
August 2007Claudio Pizarro
31.7%
February 2004Scott Parker
31.2%
March 2016Kenedy
28.5%
February 2000Jody Morris
27.4%
August 2001Boudewijn Zenden
26.3%
February 2016Bertrand Traore
26.3%
August 2000Mario Stanic
23.1%
November 2000Samuele Dalla Bona
19.4%
January 2000George Weah
18.8%
January 2002Mikael Forssell
18.3%
December 2001Graeme Le Saux
14%
February 2000Jon Harley
7.5%
February 2000Bernard Lambourde
7%

You're not logged in!

Compare scores with friends on all Sporcle quizzes.
OR
Log In

From the Vault

Five for Five of Six

by MovieGuru

Six categories. Five questions. You do the math.
Remove Ads.
Support Sporcle.
Get the best of Sporcle when you Go Orange. This ad-free experience offers more features, more stats, and more fun while also helping to support Sporcle. Thank you for becoming a member.

Show Comments

Extras

Top Quizzes Today


Score Distribution

Your Account Isn't Verified!

In order to create a playlist on Sporcle, you need to verify the email address you used during registration. Go to your Sporcle Settings to finish the process.

Report this User

Report this user for behavior that violates our Community Guidelines.

Details: